000 00267nam a22001217a 4500
008 180922b xxu||||| |||| 00| 0 eng d
041 _aeng
080 _a941
100 _a18
101 _aHIS
245 _aA Literary History of Spain
_cJones, R.O
942 _2udc
_cBK
999 _c48253
_d48253